Представление документа в формате RUSMARC

ПолеНазваниеЗначение
  Тип записи a
  Библиографический уровень m
001 Контрольный номер 17a27a734b1f44ff80673061cf2838c9
005 Дата корректировки 20150623092620.8
010 Индекс ISBN __
a ISBN 978-5-7695-9726-8
101 Язык документа 0_
a Язык текста rus
102 Страна публикации __
a Страна публикации RU
200 Заглавие и сведения об ответственности 1_
a Заглавие Лечебная физическая культура
b Общее обозначение материала Текст
e Сведения, относящиеся к заглавию учебник
e Сведения, относящиеся к заглавию для студентов учреждений высш. проф. образования
g Последующие сведения об ответственности под ред. С.Н. Попова
f Первые сведения об ответственности [С.Н. Попов, Н.М. Валеев, Т.С. Гарасева и др.]
205 Сведения об издании __
a Основные сведения об издании 9-е изд., стер.
210 Выходные данные 1_
a Место издания Москва
c Издательство Академия
d Дата издания 2013
215 Физическое описание __
a Объем 412, [1] с.
225 Серия 2_
a Серия Высшее образование: Бакалавриат
610 Ключевые слова 0_
a Ключевые слова лечебная физическая культура
610 Ключевые слова 0_
a Ключевые слова лечебная физкультура
686 Индексы других классификаций __
a Классификационный индекс 75я73
686 Индексы других классификаций __
a Классификационный индекс 53.54я73
701 Альтернативная интеллектуальная ответственность _1
a Фамилия Попов
b Имя С. Н.
e Роль лиц Автор
4 Код отношения 070
701 Альтернативная интеллектуальная ответственность _1
a Фамилия Валеев
b Имя Н. М.
e Роль лиц Автор
4 Код отношения 070
701 Альтернативная интеллектуальная ответственность _1
a Фамилия Гарасева
b Имя Т. С.
e Роль лиц Автор
4 Код отношения 070
701 Альтернативная интеллектуальная ответственность _1
a Фамилия Гершбург
b Имя М. И.
e Роль лиц Автор
4 Код отношения 070
701 Альтернативная интеллектуальная ответственность _1
a Фамилия Губарева
b Имя Т. И.
e Роль лиц Автор
4 Код отношения 070
701 Альтернативная интеллектуальная ответственность _1
a Фамилия Захарова
b Имя Л. С.
e Роль лиц Автор
4 Код отношения 070
701 Альтернативная интеллектуальная ответственность _1
a Фамилия Иванова
b Имя Н. Л.
e Роль лиц Автор
4 Код отношения 070
701 Альтернативная интеллектуальная ответственность _1
a Фамилия Козырева
b Имя О. В.
e Роль лиц Автор
4 Код отношения 070
701 Альтернативная интеллектуальная ответственность _1
a Фамилия Ларионова
b Имя Н. Н.
e Роль лиц Автор
4 Код отношения 070
701 Альтернативная интеллектуальная ответственность _1
a Фамилия Маков
b Имя Б. В.
e Роль лиц Автор
4 Код отношения 070
701 Альтернативная интеллектуальная ответственность _1
a Фамилия Селуянов
b Имя В. Н.
e Роль лиц Автор
4 Код отношения 070
701 Альтернативная интеллектуальная ответственность _1
a Фамилия Шапиро
b Имя Д. М.
e Роль лиц Автор
4 Код отношения 070
702 Вторичная интеллектуальная ответственность _1
a Фамилия Попов
b Имя С. Н.
e Роль лиц Редактор
4 Код отношения 340
801 Источник записи _0
a Страна RU
b Организация РУК
g Правила каталогизации PSBO
c Дата составления 20150623
801 Источник записи _1
a Страна RU
b Организация РУК
g Правила каталогизации PSBO
852 Данные о местонахождении __
i Авторский знак Л 53
j Шифр хранения ББК 75
901 Тип документа __
t Тип документа m
937 Технологическая информация __
a Создатель записи (имя) Золотухина
938 Служебная информация __
a Название организации Головной вуз
952 Тип литературы __
c Вид литературы учебник